| 000 | 01249cam a22003857a 4500 | ||
|---|---|---|---|
| 001 | 566 | ||
| 005 | 20230616135414.0 | ||
| 008 | 070829s2007 nyu j 000 1 eng d | ||
| 020 | _a9780439890342 (pbk.) | ||
| 020 | _a0439890349 (pbk.) | ||
| 020 | _a9781428750203 (BWI bdg.) | ||
| 020 | _a1428750207 (BWI bdg.) | ||
| 040 |
_aBKX _cBKX _dBTCTA _dBAKER _dDLC |
||
| 050 | 0 | 0 |
_aPZ7.F2466 _bPr 2007 |
| 082 | 0 | 0 |
_a[Fic] _222 |
| 100 | 1 | _aFarshtey, Greg. | |
| 245 | 1 | 0 |
_aPrisoners of the pit / _cby Greg Farshtey. |
| 246 | 1 |
_iTitle appears on item as: _aBionicle prisoners of the pit |
|
| 260 |
_aNew York : _bScholastic, _c2007. |
||
| 300 |
_a122 pages ; _c20 cm. |
||
| 490 | 1 |
_aBionicle legends ; _v#7 |
|
| 505 | _aH | ||
| 520 | _aThe Tao are trapped in the depths of the ocean and must find a way to escape as well as deal with Makuta. | ||
| 521 |
_a520
_bLexile |
||
| 521 |
_aH
_bRaz-Plus |
||
| 650 | 0 |
_aLEGO toys _vJuvenile fiction. |
|
| 650 | 0 |
_aHeroes _vJuvenile fiction. |
|
| 650 | 0 |
_aGood and evil _vJuvenile fiction. |
|
| 650 | 1 |
_aHeroes _vFiction. |
|
| 650 | 1 |
_aGood and evil _vFiction. |
|
| 650 | 1 | _aFantasy. | |
| 655 | 7 |
_aFantasy fiction. _2gsafd |
|
| 906 |
_a7 _bcbc _ccopycat _d2 _encip _f20 _gy-gencatlg |
||
| 942 |
_2ddc _cBK _n0 |
||
| 999 |
_c566 _d566 |
||